000 00639nam a2200181Ia 4500
008 100920s9999 xx 000 0 und d
082 _b99944
_a520 न 04
100 _aसंत दि.म.
245 _aवृध्दाश्रम काळाची गरज !.
260 _bग्रंथाली ज्ञानयज्ञ, मुंबई.
_c2004
300 _a72
_bसाधी
365 _b45
520 _aशाअ.
630 _aवृध्दाश्रम काळाची गरज !.
650 _aशाअ.
730 _aवृध्दाश्रम काळाची गरज !.
942 _cBOOK
999 _c740382
_d740379